书目信息 |
| 题名: |
制衡威胁
|
|
| 作者: | 肖斌 著 | |
| 分册: | ||
| 出版信息: | 广州 世界图书出版公司 2013 |
|
| 页数: | 264页 | |
| 开本: | 21cm | |
| 丛书名: | ||
| 单 册: | ||
| 中图分类: | D80 | |
| 科图分类: | ||
| 主题词: | 国际关系理论--guo ji guan xi li lun--研究 | |
| 电子资源: | ||
| ISBN: | 978-7-5100-4918-7 | |
| 000 | 01198nam0 2200265 450 | |
| 001 | 2354593781 | |
| 005 | 20231213151004.97 | |
| 010 | @a978-7-5100-4918-7@dCNY30.00 | |
| 100 | @a20130318d2013 em y0chiy50 ea | |
| 101 | 0 | @achi |
| 102 | @aCN@b440000 | |
| 105 | @aak a 000yy | |
| 200 | 1 | @a制衡威胁@Azhi heng wei xie@e大国联盟战略的决策行为@d= Balance of threat@ehow great powers choose the alliances strategy@f肖斌著@zeng |
| 210 | @a广州@c世界图书出版公司@d2013 | |
| 215 | @a264页@c图@d21cm | |
| 300 | @a中国社会科学院俄罗斯东欧中亚研究所重点项目“大国联盟战略决策的研究”项目成果 | |
| 320 | @a有书目 (第223-242页) | |
| 330 | @a本书通过结合不确定性决策理论和联盟理论中的威胁制衡论, 分析了大国联盟战略的决策行为。内容包括: 前景理论在国际关系中的应用、联盟理论中的威胁制衡论、基于风险规避或寻求的联盟行为、第二次世界大战后美国在亚洲的联盟战略等。 | |
| 510 | 1 | @aBalance of threat@ehow great powers choose the alliances strategy@zeng |
| 517 | 1 | @a大国联盟战略的决策行为@Ada guo lian meng zhan lve de jue ce xing wei |
| 606 | 0 | @a国际关系理论@Aguo ji guan xi li lun@x研究 |
| 690 | @aD80@v5 | |
| 701 | 0 | @a肖斌@Axiao bin@4著 |
| 801 | 0 | @aCN@b湖北三新@c20131214 |
| 905 | @aZUCC@dD80@e8 | |
| 制衡威胁:大国联盟战略的决策行为= Balance of threat:how great powers choose the alliances strategy/肖斌著.-广州:世界图书出版公司,2013 |
| 264页:图;21cm |
| 中国社会科学院俄罗斯东欧中亚研究所重点项目“大国联盟战略决策的研究”项目成果 |
| ISBN 978-7-5100-4918-7:CNY30.00 |
| 本书通过结合不确定性决策理论和联盟理论中的威胁制衡论, 分析了大国联盟战略的决策行为。内容包括: 前景理论在国际关系中的应用、联盟理论中的威胁制衡论、基于风险规避或寻求的联盟行为、第二次世界大战后美国在亚洲的联盟战略等。 |
| ● |
| 相关链接 |
|
|
|
正题名:制衡威胁
索取号:D80/8
 
预约/预借
| 序号 | 登录号 | 条形码 | 馆藏地/架位号 | 状态 | 备注 |
| 1 | 2001467554 | 2001467554 | 第四书库/四18架A面2层3列/ [索取号:D80/8] | 在馆 | |
| 2 | 2001467555 | 2001467555 | 218书库/ [索取号:D80/8] | 在馆 | |
| 3 | 2001467556 | 2001467556 | 218书库/ [索取号:D80/8] | 在馆 | |
| 4 | 2001467557 | 2001467557 | 218书库/ [索取号:D80/8] | 在馆 | |
| 5 | 2001467558 | 2001467558 | 218书库/ [索取号:D80/8] | 在馆 | |
| 6 | 2001467559 | 2001467559 | 218书库/ [索取号:D80/8] | 在馆 | |
| 7 | 2001467560 | 2001467560 | 504书库/ [索取号:D80/8] | 在馆 | |
| 8 | 2001467561 | 2001467561 | 504书库/ [索取号:D80/8] | 在馆 | |
| 9 | 2001467562 | 2001467562 | 315书库/ [索取号:D80/8] | 在馆 | |
| 10 | 2001467563 | 2001467563 | 第四书库/四18架A面1层3列/ [索取号:D80/8] | 在馆 | |
| 11 | 2001467564 | 2001467564 | 315书库/ [索取号:D80/8] | 在馆 | |
| 12 | 2001467565 | 2001467565 | 315书库/ [索取号:D80/8] | 在馆 | |
| 13 | 2001467566 | 2001467566 | 315书库/ [索取号:D80/8] | 在馆 | |
| 14 | 2001467567 | 2001467567 | 315书库/ [索取号:D80/8] | 在馆 | |
| 15 | 2001467568 | 2001467568 | 315书库/ [索取号:D80/8] | 在馆 | |
| 16 | 2001467569 | 2001467569 | 504书库/ [索取号:D80/8] | 在馆 | |
| 17 | 2001467570 | 2001467570 | 504书库/ [索取号:D80/8] | 在馆 | |
| 18 | 2001467571 | 2001467571 | 504书库/ [索取号:D80/8] | 在馆 | |
| 19 | 2001467572 | 2001467572 | 504书库/ [索取号:D80/8] | 在馆 | |
| 20 | 2001467573 | 2001467573 | 505书库/ [索取号:D80/8] | 在馆 | |
| 21 | 2001467574 | 2001467574 | 505书库/ [索取号:D80/8] | 在馆 | |
| 22 | 2001467575 | 2001467575 | 505书库/ [索取号:D80/8] | 在馆 | |
| 23 | 2001467576 | 2001467576 | 505书库/ [索取号:D80/8] | 在馆 | |
| 24 | 2001467577 | 2001467577 | 505书库/ [索取号:D80/8] | 在馆 | |
| 25 | 2001467578 | 2001467578 | 505书库/ [索取号:D80/8] | 在馆 | |
| 26 | 2001467579 | 2001467579 | 第四书库/四18架A面1层3列/ [索取号:D80/8] | 在馆 | |
| 27 | 2001467580 | 2001467580 | 第四书库/四18架A面1层3列/ [索取号:D80/8] | 在馆 | |
| 28 | 2001467581 | 2001467581 | 第四书库/四18架A面1层3列/ [索取号:D80/8] | 在馆 | |
| 29 | 2001467582 | 2001467582 | 第四书库/四18架A面1层3列/ [索取号:D80/8] | 在馆 | |
| 30 | 2001467583 | 2001467583 | 第四书库/四18架A面1层3列/ [索取号:D80/8] | 在馆 |